| Tag |
First Indicator |
Second Indicator |
Subfields |
| LEADER |
00000ctm a2200000Ka 4500 |
| 001 |
in00004529613 |
| 005 |
20191205081637.0 |
| 008 |
970604s1996 xx a bm 000 0 ger d |
| 016 |
7 |
|
|a 949917303
|2 DE-101
|
| 029 |
1 |
|
|a NLGGC
|b 158312465
|
| 029 |
1 |
|
|a HEBIS
|b 057885168
|
| 035 |
|
|
|a (OCoLC)ocm37017168
|
| 035 |
|
|
|a (OCoLC)37017168
|
| 035 |
|
|
|z (UtOrBLW)61620
|
| 035 |
|
|
|a 88718
|
| 040 |
|
|
|a IWA
|b eng
|c IWA
|d HEBIS
|d OCLCQ
|d UtOrBLW
|
| 049 |
|
|
|a TMVM
|
| 100 |
1 |
|
|a Schmidt, Brigitte.
|
| 245 |
1 |
0 |
|a Untersuchungen zur Einsatz des GnRH-Analogs Buserelin (Receptal) zur Ovulationsauslösung bei der Hündin /
|c von Brigitte Schmidt geb. Görke.
|
| 264 |
|
1 |
|a [Place of publication not identified] :
|b [publisher not identified],
|c 1996.
|
| 300 |
|
|
|a 101 pages :
|b illustrations ;
|c 21 cm.
|
| 336 |
|
|
|a text
|2 rdacontent
|b txt
|
| 337 |
|
|
|a unmediated
|2 rdamedia
|
| 338 |
|
|
|a volume
|2 rdacarrier
|b nc
|
| 502 |
|
|
|b Dr. med. vet.
|c Tierärztliche Hochschule Hannover
|d 1996.
|
| 500 |
|
|
|a Summary in English.
|
| 500 |
|
|
|a On title page: Receptal is followed by the registered trademark "R" in superscript.
|
| 504 |
|
|
|a Includes bibliographical references.
|
| 994 |
|
|
|a C0
|b TMV
|
| 999 |
|
|
|a MARS
|
| 999 |
f |
f |
|s abdf00a8-f61e-3e1c-922f-55cb0d35345d
|i 6f2e24ae-0cb6-36dd-9141-29507deeef2b
|t 0
|
| 952 |
f |
f |
|p preservation
|a Texas A&M University
|b J.J. Pickle Campus
|c High Density Repository
|d Remote Storage
|t 0
|e German dissertations
|h Other scheme
|i unmediated -- volume
|m 3238902442598
|
| 998 |
f |
f |
|a German dissertations
|t 0
|l Remote Storage
|